00247nam a2200097Ia 4500008004100000100000900041245003200050260004300082942000700125999001700132190216s9999||||xx |||||||||||||| ||und|| aNull 0aHindi-Subod Hindi Vyakarana bSahithya Pravarthaka Sahakarana Sangam cBK c18413d18413